[Event "11th Open"]
[Site "Kavala GRE"]
[Date "2002.08.16"]
[Round "8"]
[White "Todorovic,V"]
[Black "Szabo,Zso2"]
[Result "0-1"]
[WhiteElo "2106"]
[BlackElo "2447"]

1.Nf3 Nf6 2.c4 b6 3.g3 Bb7 4.Bg2 c5 5.O-O e6 6.Nc3 Be7 7.d4 cxd4 8.Nxd4 Bxg2
9.Kxg2 Qc8 10.Qd3 Nc6 11.b3 Nxd4 12.Qxd4 O-O 13.Bb2 Rd8 14.e4 Qb7 15.Kg1 d6
16.Rad1 a6 17.e5 dxe5 18.Qxe5 h6 19.Rxd8+ Rxd8 20.Rd1 Rxd1+ 21.Nxd1 Qf3 22.Ne3 Bc5
23.Qc3 Bf8 24.Nf1 Qf5 25.Kg2 Qb1 26.a3 Ne4 27.Qd4 Qc2 28.b4 e5 29.Qe3 Qxb2
30.Qxe4 Qxa3 31.b5 a5 32.Qxe5 a4 33.Ne3 Qc5 34.Qxc5 Bxc5 35.Nd5 a3 36.Nc3 Kf8
37.Kf3 Bd4 38.Na2 Ke7 39.Ke2 Kd6 40.f3 Kc5 41.Kd3 Bb2 42.h4 g5 43.h5 f5 44.g4 f4
45.Ke4 Kxc4 46.Kf5 Kb3 47.Kg6 Kxa2 48.Kxh6 Kb3  0-1

[Event "Open"]
[Site "Nikea GRE"]
[Date "2002.08.23"]
[Round "5"]
[White "Nikolaidis,I"]
[Black "Kalesis,N"]
[Result "1-0"]
[WhiteElo "2502"]
[BlackElo "2411"]

1.Nf3 c5 2.c4 Nf6 3.g3 b6 4.Bg2 Bb7 5.O-O e6 6.Nc3 d6 7.b3 Be7 8.Bb2 Nbd7
9.d4 cxd4 10.Nxd4 Bxg2 11.Kxg2 Qc7 12.e3 a6 13.f4 Qb7+ 14.Qf3 Qxf3+ 15.Kxf3 Rc8
16.Rad1 O-O 17.g4 Nc5 18.g5 Nfd7 19.h4 Rfe8 20.Rf2 Bf8 21.Rfd2 Nb8 22.Nde2 Nb7
23.h5 Nd7 24.Rg1 Rc6 25.Ng3 Nbc5 26.Rgd1 Be7 27.Nge4 Nb7 28.Ba3 Ndc5 29.h6 g6
30.Bxc5 bxc5 31.Nf6+ Bxf6 32.gxf6 e5 33.Ne4 exf4 34.exf4 Rd8 35.Re2 Re8 36.Rde1 Rcc8
37.Ng5 Rxe2 38.Rxe2 d5 39.Re7 Nd6 40.Rd7 Ne4  1-0

[Event "TCh-BIH"]
[Site "Neum BIH"]
[Date "2002.08.25"]
[Round "2"]
[White "Ruck,R"]
[Black "Brkic,M"]
[Result "1-0"]
[WhiteElo "2571"]
[BlackElo "2028"]

1.Nf3 b6 2.g3 Bb7 3.Bg2 e6 4.O-O c5 5.c4 Nf6 6.Nc3 Be7 7.Re1 Ne4 8.Nxe4 Bxe4
9.d3 Bb7 10.e4 O-O 11.d4 cxd4 12.Nxd4 Nc6 13.Nb5 Na5 14.b3 Bc6 15.Nd4 Bb7
16.Bb2 Bf6 17.Qd2 d5 18.cxd5 exd5 19.e5 Be7 20.Rad1 Rc8 21.Nf5 Re8 22.e6 f6
23.Bxd5 Bxd5 24.Qxd5 Qxd5 25.Rxd5 Nc6 26.Rd7 a6 27.Kg2 b5 28.Rc1 Kf8 29.Rxc6 Rxc6
30.Nxe7 Rc2 31.Ba3 Rxa2 32.Bd6 Rd2 33.Nd5+ Kg8 34.Nc7 Rc8 35.e7  1-0

[Event "It"]
[Site "Tula RUS"]
[Date "2002.09.06"]
[Round "3"]
[White "Arbakov,V"]
[Black "Simantsev,M"]
[Result "1-0"]
[WhiteElo "2445"]
[BlackElo "2401"]

1.Nf3 Nf6 2.c4 c5 3.g3 b6 4.Bg2 Bb7 5.O-O e6 6.Nc3 Be7 7.Re1 a6 8.e4 d6 9.d4 cxd4
10.Nxd4 Qc7 11.Be3 O-O 12.Rc1 Nbd7 13.b3 Rfe8 14.h3 Rac8 15.g4 h6 16.f4 Bf8
17.a4 Qb8 18.Nde2 Ba8 19.Ng3 Rcd8 20.h4 Nc5 21.g5 hxg5 22.hxg5 Nh7 23.Nf1 b5
24.axb5 axb5 25.b4 Na6 26.cxb5 Nxb4 27.b6 d5 28.exd5 exd5 29.Qd4 Rc8 30.Qd2 d4
31.Bxd4 Rxe1 32.Rxe1 Rd8 33.Bxa8 Qxa8 34.Rb1 Qc6 35.Ne2 Qe4 36.Rc1 Nc6 37.Qe3 Qd5
38.Bc5 Rb8 39.Nfg3 Bxc5 40.Rxc5 Qd7 41.Rc1 Nf8 42.f5 Ne7 43.Qf2 Nd5 44.Rd1 Qc6
45.Nh5 g6 46.Rxd5 gxh5 47.Nf4 Rxb6 48.Rd1 Rb4 49.Nd5 Rg4+ 50.Kh2 Qd6+ 51.Kh3  1-0

[Event "FSIMC Sept"]
[Site "Budapest HUN"]
[Date "2002.09.09"]
[Round "3"]
[White "Petran,Pa"]
[Black "Lund,E"]
[Result "0-1"]
[WhiteElo "2364"]
[BlackElo "2329"]

1.Nf3 c5 2.c4 e6 3.g3 b6 4.Bg2 Bb7 5.O-O Nf6 6.b3 Be7 7.Bb2 O-O 8.Nc3 d6
9.d4 cxd4 10.Qxd4 Nbd7 11.Rfd1 a6 12.h3 Qc7 13.e4 Rfd8 14.Qe3 Rac8 15.Nd4 Re8
16.Re1 Bf8 17.Rac1 Qb8 18.Qe2 g6 19.Rcd1 Bg7 20.Qd2 Ba8 21.Re2 Red8 22.Qe3 Re8
23.Qd2 Red8 24.Qe3 Bf8 25.Qg5 Rc5 26.Qe3 Rcc8 27.Qg5 Bb7 28.Qe3 Qa8 29.Qg5 Bg7
30.Qe3 Nc5 31.Ree1 Re8 32.Kh2 d5 33.e5 Nfe4 34.cxd5 exd5 35.f4 b5 36.Nce2 b4
37.Rc1 Qa7 38.Ng1 Qb6 39.Bf1 Qa5 40.Ra1 Nc3 41.a3 N5e4 42.axb4 Qxb4 43.Rec1 f6
44.Ngf3 fxe5 45.Nxe5 Rxe5 46.fxe5 Bxe5 47.Ne2 d4 48.Qd3 Qf8 49.Bg2 Qf2 50.Qf3 Rf8
51.Nf4 Qxb2  0-1

[Event "TCh-BEL 2001-2"]
[Site "Belgium BEL"]
[Date "2002.10.14"]
[Round "9"]
[White "Schebler,G"]
[Black "Gommers,R"]
[Result "1/2-1/2"]
[WhiteElo "2474"]
[BlackElo "2338"]

1.Nf3 c5 2.c4 Nf6 3.g3 b6 4.Bg2 Bb7 5.O-O e6 6.Nc3 Be7 7.Re1 O-O 8.e4 d6
9.d4 cxd4 10.Nxd4 Qc7 11.Ndb5 Qc6 12.Bf4 Rd8 13.Rc1 a6 14.Nd4 Qc7 15.Bh3 Nbd7
16.Bxe6 fxe6 17.Nxe6 Qc6 18.Nxd8 Rxd8 19.Nd5 Bf8 20.b4 a5 21.b5 Qc8 22.Bg5 Bxd5
23.Bxf6 Nxf6 24.cxd5 Qb8 25.Qc2 Nd7 26.Qc7 Nc5 27.Qxb8 Rxb8 28.Re2 Re8 29.Kg2 g5
30.h3 Kf7 31.f4 gxf4 32.gxf4 Bh6 33.Kf3 Ke7 34.e5 Rf8 35.Rc4 dxe5 36.Rxe5+ Kd6
37.Rh5 Rf6 38.a4 Bf8 39.Kg4 h6 40.Rc1 Bg7 41.Kf3 Rg6 42.Rf5 Bb2 43.Rc2 Bd4
44.Rc4 Bf6 45.Rc2 Be7 46.Rh5 Rf6 47.Rc4 Kd7 48.Kg4 Rg6+ 49.Kf5 Rf6+  1/2-1/2

[Event "TCh-BEL 2002-3"]
[Site "Belgium BEL"]
[Date "2002.10.20"]
[Round "2"]
[White "Claesen,P"]
[Black "Hoogendoorn,J"]
[Result "0-1"]
[WhiteElo "2396"]
[BlackElo "2429"]

1.c4 b6 2.Nf3 Bb7 3.g3 c5 4.Bg2 e6 5.O-O Nf6 6.Nc3 d6 7.d4 cxd4 8.Qxd4 a6
9.Ng5 Bxg2 10.Kxg2 Nc6 11.Qf4 Rc8 12.b3 Ne5 13.Bb2 Be7 14.Nce4 Qc7 15.Nxf6+ gxf6
16.Ne4 f5 17.Ng5 h5 18.Nf3 Ng6 19.Qd4 Rg8 20.Rad1 Qc6 21.Kg1 h4 22.Bc1 h3
23.Be3 Rb8 24.Qd2 Ne5 25.Ne1 Ng4 26.f3 Nxe3 27.Qxe3 b5 28.cxb5 axb5 29.Qh6 Qc3
30.Rd3 Qe5 31.Re3 Qd4 32.Nc2 Qb2  0-1

[Event "Olympiad w"]
[Site "Bled SLO"]
[Date "2002.10.29"]
[Round "4"]
[White "Danielian,E"]
[Black "Matveeva,S"]
[Result "0-1"]
[WhiteElo "2389"]
[BlackElo "2465"]

1.Nf3 Nf6 2.c4 c5 3.g3 b6 4.Bg2 Bb7 5.O-O e6 6.Nc3 Be7 7.Re1 d6 8.e4 O-O
9.d4 cxd4 10.Nxd4 Qc8 11.b3 Rd8 12.Bb2 Nbd7 13.Qe2 a6 14.Rad1 Bf8 15.h3 Qc7
16.Rd2 Rac8 17.Kh2 Re8 18.Nc2 Nc5 19.Qd1 Qb8 20.f4 Qa8 21.Qe2 d5 22.e5 Nfe4
23.Nxe4 dxe4 24.Bd4 Nd3 25.Rf1 b5 26.Ne3 Bc6 27.Rc2 Qb7 28.Ng4 bxc4 29.Rxc4 Bd5
30.Rxc8 Rxc8 31.Nf2 Qb4 32.Be3 Nxf2 33.Qxf2 a5 34.Rd1 Qb5 35.Bf1 Qb7 36.Rc1 Rxc1
37.Bxc1 a4 38.bxa4 Qc6 39.Qb2 Qxa4 40.Bg2 h5 41.h4 Bc5 42.Qb8+ Kh7 43.Qc7 Qxa2
44.Be3 Bxe3 45.Qxf7 Qe2 46.f5 Qg4 47.Bh3 Qe2+ 48.Bg2 Qg4 49.Bh3 Bg1+ 50.Kxg1 Qxg3+
51.Bg2 Qe1+ 52.Kh2 Qxh4+ 53.Kg1 Qg4 54.f6 e3 55.Qxg7+ Qxg7 56.fxg7 e2  0-1

[Event "Olympiad"]
[Site "Bled SLO"]
[Date "2002.10.31"]
[Round "6"]
[White "Maznitsin,A"]
[Black "Aderito,P"]
[Result "1/2-1/2"]
[WhiteElo "2132"]
[BlackElo "2262"]

1.c4 Nf6 2.Nf3 b6 3.g3 Bb7 4.Bg2 c5 5.O-O e6 6.Nc3 Be7 7.d4 cxd4 8.Qxd4 O-O
9.b3 Nc6 10.Qd2 Na5 11.Bb2 d5 12.cxd5 Nxd5 13.Rad1 Bb4 14.Qd4 Nxc3 15.Bxc3 Qxd4
16.Bxd4 Rac8 17.Be3 Ba6 18.Bd2 Ba3 19.Rfe1 Rc2 20.Bxa5 bxa5 21.Nd4 Rb2 22.Rb1 Rd2
23.e3 Rc8 24.Nc6 Rc2 25.Nd4 Rxa2 26.h4 Bd3 27.Ra1 Rxa1 28.Rxa1 Rc1+ 29.Rxc1 Bxc1
30.Bf1 Bb1 31.Bc4 Ba2 32.Bd3 e5 33.Ne2 Bd2 34.Bc2 Kf8 35.g4 g6 36.Ng3 Ke7
37.Kf1 Bb4 38.Ke2 Ke6 39.Ne4 h6 40.Kd3 a4 41.bxa4 f5 42.gxf5+ gxf5 43.Nc3 Bxc3
44.Kxc3 a5 45.Bd3 Bd5 46.f4 Kf6 47.Be2 Ke6 48.Bd1  1/2-1/2

[Event "Olympiad w"]
[Site "Bled SLO"]
[Date "2002.10.31"]
[Round "6"]
[White "Calotescu,C"]
[Black "Benderac,A"]
[Result "1-0"]
[WhiteElo "2324"]
[BlackElo "2300"]

1.Nf3 c5 2.c4 Nf6 3.g3 b6 4.Bg2 Bb7 5.O-O e6 6.Nc3 a6 7.Re1 d6 8.e4 Nbd7
9.d4 cxd4 10.Nxd4 Qc7 11.Be3 Be7 12.Rc1 O-O 13.f4 Rfd8 14.g4 Nc5 15.Bf2 d5
16.exd5 exd5 17.cxd5 Nxd5 18.Nxd5 Bxd5 19.Bxd5 Rxd5 20.b4 Qd8 21.Rxe7 Qxe7
22.bxc5 Rxc5 23.Nf5  1-0

[Event "Olympiad"]
[Site "Bled SLO"]
[Date "2002.11.08"]
[Round "13"]
[White "Peralta,E"]
[Black "Aderito,P"]
[Result "1-0"]
[WhiteElo "2355"]
[BlackElo "2262"]

1.Nf3 Nf6 2.c4 e6 3.g3 b6 4.Bg2 Bb7 5.O-O c5 6.Nc3 Be7 7.Re1 O-O 8.e4 d6
9.d4 Ne8 10.d5 e5 11.Be3 a6 12.Nd2 Nd7 13.f4 Nc7 14.Nf3 Bf6 15.f5 b5 16.b3 Nb6
17.Qd3 Be7 18.g4 h6 19.Rad1 bxc4 20.bxc4 Nd7 21.Rd2 Ne8 22.Rb1 Bc8 23.Nd1 Nef6
24.Nf2 Nh7 25.Rdb2 Re8 26.Kh1 a5 27.Rg1 Ba6 28.Bf1 Ng5 29.Bxg5 Bxg5 30.Nh3 Nb6
31.Nhxg5 hxg5 32.Qc2 Rb8 33.Qc1 f6 34.h4 Kf7 35.hxg5 Rh8+ 36.Rh2 Qd7 37.gxf6 gxf6
38.g5 Rbg8 39.gxf6 Rxg1+ 40.Kxg1 Rxh2 41.Kxh2 Qd8 42.Qh6 Qxf6 43.Ng5+ Ke7
44.Qh7+ Ke8 45.Ne6 Bxc4 46.Qg8+ Kd7 47.Bh3 Nc8 48.Ng7 Ba6 49.Qe8+ Kc7 50.Qc6+ Kb8
51.Qxa6 Qg5 52.Qb5+ Ka8 53.Qxa5+ Kb7  1-0

[Event "FSIM Nov"]
[Site "Budapest HUN"]
[Date "2002.11.08"]
[Round "7"]
[White "Fucak,E"]
[Black "Schneider,At"]
[Result "1-0"]
[WhiteElo "2322"]
[BlackElo "2337"]

1.c4 Nf6 2.Nf3 c5 3.g3 b6 4.Bg2 Bb7 5.O-O e6 6.b3 Be7 7.Bb2 d6 8.Nc3 O-O
9.d4 cxd4 10.Qxd4 a6 11.Rfd1 Nbd7 12.Rac1 Qb8 13.Bh3 Rd8 14.Qe3 Re8 15.g4 h6
16.g5 hxg5 17.Nxg5 Bf8 18.Rd4 d5 19.Rh4 Bc5 20.Qd2 dxc4 21.Nce4 Nxe4 22.Nxe4 Be7
23.Rh8+  1-0

[Event "TCh-BEL 2002-3"]
[Site "Belgium BEL"]
[Date "2002.11.24"]
[Round "3"]
[White "Hausrath,D"]
[Black "Cekro,E"]
[Result "1-0"]
[WhiteElo "2455"]
[BlackElo "2432"]

1.Nf3 Nf6 2.g3 b6 3.Bg2 Bb7 4.O-O c5 5.c4 e6 6.Nc3 Be7 7.Re1 O-O 8.e4 d6
9.d4 cxd4 10.Nxd4 Qc8 11.Be3 Nc6 12.Nxc6 Bxc6 13.f4 Rd8 14.Bf2 Qb7 15.b4 e5
16.a4 Rac8 17.Qe2 Be8 18.Nd5 Nxd5 19.exd5 Bf6 20.c5 exf4 21.c6 Qc7 22.Ra3 Be5
23.gxf4 Bxf4 24.Bg3 Bh6 25.Bh3 f5 26.Bxf5 Bf7 27.Bxc8 Qxc8 28.Qf3 Bg5 29.Ra2 Bf6
30.Kg2 h5 31.h3 h4 32.Bh2 Qa6 33.b5 Qa5 34.Re6 Bxe6 35.dxe6 Re8 36.Qd5 Be7
37.Bxd6 Qe1 38.Bxe7 Qg3+ 39.Kf1 Rxe7 40.Qd8+ Kh7 41.Qxe7 Qf3+ 42.Ke1 Qe3+
43.Kd1 Qd3+ 44.Rd2 Qb1+ 45.Ke2 Qe4+ 46.Kf2 Qf4+ 47.Ke1 Qe5+ 48.Kd1 Qa1+ 49.Kc2 Qa2+
50.Kc3 Qa1+ 51.Rb2 Qc1+ 52.Kb3 Qd1+ 53.Ka2 Qd5+ 54.Ka3 Qd3+ 55.Rb3 Qd4 56.Qd7 Qa1+
57.Kb4 Qe1+ 58.Kc4  1-0

[Event "TCh-CZE 2002-3"]
[Site "Czech Rep CZE"]
[Date "2002.11.30"]
[Round "3"]
[White "Cvek,R"]
[Black "Suchomel,J"]
[Result "1-0"]
[WhiteElo "2429"]
[BlackElo "2260"]

1.Nf3 Nf6 2.c4 c5 3.g3 b6 4.Bg2 Bb7 5.O-O e6 6.Nc3 Be7 7.Re1 O-O 8.e4 d6
9.d4 cxd4 10.Nxd4 Qc8 11.Bg5 a6 12.Rc1 Nbd7 13.f4 h6 14.Bh4 Kh8 15.g4 g5
16.fxg5 hxg5 17.Bxg5 Rg8 18.h4 Rg6 19.Nf5 exf5 20.exf5 Rxg5 21.hxg5 Qc5+
22.Kh1 Bxg2+ 23.Kxg2 Rg8 24.gxf6 Bxf6 25.Ne4 Qc6 26.Rh1+ Kg7 27.Qd5 Qxd5
28.cxd5 Bxb2 29.Rc7 Ne5 30.g5 Ng4 31.Nxd6  1-0

[Event "Winter Cup"]
[Site "Bucharest ROM"]
[Date "2002.12.04"]
[Round "4"]
[White "Hrzic,I"]
[Black "Dinu,DD"]
[Result "1-0"]
[WhiteElo "2302"]
[BlackElo "2315"]

1.Nf3 Nf6 2.c4 e6 3.g3 b6 4.Bg2 Bb7 5.O-O c5 6.Nc3 Be7 7.Re1 d5 8.cxd5 Nxd5
9.d4 Nxc3 10.bxc3 cxd4 11.cxd4 O-O 12.e4 Nc6 13.Bb2 Rc8 14.d5 Nb4 15.Nd4 e5
16.Nf5 Nc2 17.Qg4 g6 18.Bxe5 Bf6 19.Nh6+ Kh8 20.Bxf6+ Qxf6 21.e5 Qg7 22.Qf4 Nxa1
23.Rxa1 Rcd8 24.Ng4 Bxd5 25.Bxd5 Rxd5 26.Nf6 Rdd8 27.h4 Rc8 28.Kg2 Rfd8 29.h5 g5
30.Qf5 h6 31.Re1 Rc4 32.Re2 b5 33.Rc2 a6 34.Rxc4 bxc4 35.Qe4 Rc8 36.Qb7 Qf8
37.e6 Re8 38.Nxe8 Qxe8 39.exf7 Qf8 40.Qb2+ Kh7 41.Qc2+ Kg7 42.Qxc4 Qa8+ 43.f3 Kf6
44.Qe4 Qc8 45.Qg6+ Ke7 46.Qh7 Qc1 47.Qf5 Kf8 48.Qe6  1-0

[Event "Salona Rapid 1hr"]
[Site "Solin-Spilt CRO"]
[Date "2002.12.16"]
[Round "9"]
[White "Cvitan,O"]
[Black "Dizdarevic,E"]
[Result "1/2-1/2"]
[WhiteElo "2562"]
[BlackElo "2520"]

1.Nf3 c5 2.c4 Nf6 3.g3 b6 4.Bg2 Bb7 5.O-O e6 6.Nc3 Be7 7.d4 cxd4 8.Qxd4 d6
9.Rd1 a6 10.b3 Nbd7 11.e4  1/2-1/2

[Event "Cerrado CEMAR B"]
[Site "Mondariz ESP"]
[Date "2002.12.21"]
[Round "7"]
[White "Minero Pineda,S"]
[Black "Serra Olives,T"]
[Result "1-0"]
[WhiteElo "2396"]
[BlackElo "2213"]

1.Nf3 Nf6 2.c4 c5 3.g3 b6 4.Bg2 Bb7 5.O-O e6 6.Nc3 a6 7.d4 cxd4 8.Qxd4 d6
9.Rd1 Qc7 10.b3 Nbd7 11.e4 Rc8 12.Ba3 Nc5 13.e5 dxe5 14.Qxe5 Qxe5 15.Nxe5 Bxg2
16.Kxg2 Be7 17.Bxc5 Rxc5 18.f4 Rc7 19.Rd3 Nd7 20.Nxd7 Rxd7 21.Rad1 Rxd3 22.Rxd3 Bc5
23.f5 Ke7 24.fxe6 fxe6 25.Ne4 Bb4 26.Ng5 Bc5 27.Rf3 Rg8 28.Rf7+ Kd6 29.Nxh7 Bd4
30.Ng5 Bf6 31.Ne4+ Ke5 32.Nxf6 gxf6 33.Rd7 f5 34.Kf3 Rb8 35.h4 a5 36.h5 Rh8
37.Rb7 a4 38.Rxb6 Rxh5 39.Ra6 axb3 40.axb3 Rh1 41.b4 Rc1 42.Rc6 Rc3+ 43.Kg2 Kd4
44.Rd6+ Kxc4 45.Rxe6 Kxb4 46.Rf6 Kc5 47.Rxf5+ Kd6 48.Rf3 Rc2+ 49.Kh3 Ke6
50.Kh4 Rc8  1-0

[Event "11th Donau Open"]
[Site "Aschach AUT"]
[Date "2002.12.27"]
[Round "3"]
[White "Krivoshey,S"]
[Black "Wege,J"]
[Result "1/2-1/2"]
[WhiteElo "2498"]
[BlackElo "2269"]

1.Nf3 c5 2.c4 b6 3.g3 Bb7 4.Bg2 Nf6 5.O-O e6 6.Nc3 Be7 7.Re1 d6 8.e4 a6 9.d4 cxd4
10.Nxd4 Qc7 11.f4 Nc6 12.Be3 O-O 13.Nb3 Rfe8 14.Rc1 Na5 15.Na4 Nxb3 16.Bxb6 Qc8
17.axb3 Bc6 18.Bf2 Qb7 19.Nc3 Rab8 20.b4 Nd7 21.Nd5 Bf8 22.b5 axb5 23.cxb5 Bxb5
24.Rc7 Qa6 25.Ra7 Qc6 26.Rc7 Qa6 27.Nc3 Rb7 28.Nxb5 Qxb5 29.Rxb7 Qxb7 30.Bd4 Nc5
31.Bc3 Qb5 32.Bf1 Qc6 33.Qe2 Rb8 34.Qc4 Qb7 35.Bg2 Rc8 36.Kh1 Qa8 37.Qb5 Rb8
38.Qc4 Rc8 39.Qd4 Qa2 40.Qd2 Na4 41.Bd4  1/2-1/2

[Event "26th Christmas Open Masters"]
[Site "Zurich SUI"]
[Date "2002.12.29"]
[Round "6"]
[White "Fridman,D"]
[Black "Kveinys,A"]
[Result "1-0"]
[WhiteElo "2572"]
[BlackElo "2530"]

1.c4 e6 2.Nf3 c5 3.g3 b6 4.Bg2 Bb7 5.O-O Nf6 6.Nc3 d6 7.Re1 Nbd7 8.e4 a6
9.d4 cxd4 10.Nxd4 Qc7 11.Be3 Be7 12.Rc1 Rc8 13.f4 Qb8 14.Qe2 h6 15.f5 e5
16.Nc2 Qc7 17.b3 b5 18.Nd5 Nxd5 19.exd5 Bg5 20.cxb5 Bxe3+ 21.Qxe3 axb5 22.Nd4 Qb6
23.Rxc8+ Bxc8 24.Bf1 b4 25.Nc6 Qc5 26.Qxc5 Nxc5 27.Nxb4 Bxf5 28.Nc6 Kd7 29.b4 Nd3
30.Re3 Nb2 31.Rb3 Nd1 32.Rf3 Bg6 33.Ra3 Rc8 34.b5 Kc7 35.Ra6  1-0

[Event "26th Christmas Open Masters"]
[Site "Zurich SUI"]
[Date "2002.12.30"]
[Round "7"]
[White "Kengis,E"]
[Black "Ciuksyte,D"]
[Result "1-0"]
[WhiteElo "2570"]
[BlackElo "2334"]

1.Nf3 Nf6 2.g3 b6 3.Bg2 Bb7 4.c4 c5 5.O-O e6 6.d4 cxd4 7.Qxd4 d6 8.Nc3 a6
9.b3 Nbd7 10.Bb2 Be7 11.e4 Qc7 12.Rad1 Rd8 13.Qe3 O-O 14.Nd4 Rfe8 15.Rfe1 Bf8
16.h3 Qb8 17.Qe2 Nc5 18.b4 Ncd7 19.Nb3 Ne5 20.f4 Ng6 21.a3 h5 22.Nb1 h4 23.Bxf6 gxf6
24.Nd4 hxg3 25.Qg4 Bxe4 26.Bxe4 f5 27.Qxg3 fxe4 28.Nc6 Qc8 29.Nxd8 Rxd8 30.Rxe4 d5
31.cxd5 exd5 32.Re2 Bh6 33.Rf1 Kh7 34.Qd3 f5 35.Nd2 d4 36.Kh1 Nxf4 37.Re7+ Kh8
38.Qf3 Qc3 39.Nb3 d3 40.Qb7 Qf6 41.Rg1  1-0

[Event "TCh-NOR Qualifier"]
[Site "NOR"]
[Date "2002.??.??"]
[Round "6"]
[White "Gronn,A"]
[Black "Andersen,Pe"]
[Result "1-0"]
[WhiteElo "2310"]
[BlackElo "2173"]

1.Nf3 c5 2.c4 Nf6 3.g3 b6 4.Bg2 Bb7 5.O-O e6 6.b3 Be7 7.Nc3 a6 8.Re1 Qc7
9.e4 d6 10.d4 cxd4 11.Nxd4 O-O 12.Bb2 Nbd7 13.Rc1 Rac8 14.Rc2 Qb8 15.g4 Ne5
16.g5 Nfd7 17.f4 Nc6 18.Nd5 Bd8 19.Bh3 Nxd4 20.Qxd4 e5 21.Qc3 Bc6 22.fxe5 dxe5
23.Qg3 Bxd5 24.Bxd7 Bc6 25.Bxc8 Qxc8 26.Qxe5 f6 27.Qd4 Be7 28.Qe3 Rd8 29.c5 Bxc5
30.Rxc5 bxc5 31.gxf6 Qg4+ 32.Kf2 Qh4+ 33.Qg3 Rd2+ 34.Re2 Rxe2+ 35.Kxe2 Qxe4+
36.Kd2 Qd5+ 37.Ke1 Qe4+ 38.Kd2 Qd5+ 39.Qd3 Qxd3+ 40.Kxd3  1-0

[Event "38th Junior"]
[Site "Hallsberg SWE"]
[Date "2003.01.01"]
[Round "5"]
[White "Meier,Geo"]
[Black "Tan,Kev"]
[Result "1/2-1/2"]
[WhiteElo "2181"]
[BlackElo "2222"]

1.Nf3 Nf6 2.g3 b6 3.Bg2 Bb7 4.O-O c5 5.c4 e6 6.Nc3 Be7 7.b3 Nc6 8.d4 d5 9.cxd5 exd5
10.dxc5 bxc5 11.Bg5 O-O 12.Rc1 Nb4 13.a3 Na6 14.Ne5 h6 15.Bxf6 Bxf6 16.Nd3 Bxc3
17.Rxc3 Qe7 18.Qc2 Rac8 19.Rc1 c4 20.bxc4 dxc4 21.Rxc4 Rxc4 22.Qxc4 Bxg2
23.Kxg2 Qxa3 24.Rb1 Qd6 25.Rb7 Nb8 26.Rxa7 Nd7 27.e4 Ne5 28.Nxe5 Qxe5 29.f4 Qb2+
30.Kh3 Qf2 31.Rc7 g6 32.Rc6 Kg7 33.Rd6 Qf3 34.Rd7 h5 35.Rc7 Kh6 36.Qc5 Qg4+
37.Kg2  1/2-1/2

[Event "National I"]
[Site "Sautron FRA"]
[Date "2003.01.31"]
[Round "1"]
[White "Beudaert,X"]
[Black "Vallin,G"]
[Result "0-1"]
[WhiteElo "2293"]
[BlackElo "2412"]

1.Nf3 e6 2.c4 Nf6 3.g3 b6 4.Bg2 Bb7 5.O-O c5 6.Nc3 Be7 7.Re1 d6 8.e4 Nbd7
9.d4 cxd4 10.Nxd4 Qc7 11.Bf4 Ne5 12.b3 O-O 13.Qe2 a6 14.Rac1 Rac8 15.h3 Qb8
16.g4 Rfe8 17.Bg3 Nfd7 18.f4 Ng6 19.Nf3 Nc5 20.Kh2 Qa8 21.h4 d5 22.cxd5 exd5
23.e5 Ne4 24.Nxe4 dxe4 25.Rxc8 Qxc8 26.Ng5 h6 27.Nxe4 Bxe4 28.Bxe4 Nxh4 29.Rd1 Ng6
30.Bf5 Qc5 31.e6 Nf8 32.exf7+ Kxf7 33.Qxa6 Bd6 34.Qf1 Kg8 35.Rd2 b5 36.Qf3 b4
37.Bd3 Kh8 38.Bc4 Re3 39.Qd5 Qxd5 40.Rxd5 Be7 41.f5 Nh7 42.Ra5 Nf6 43.Ra8+ Kh7
44.Kg2 g5 45.Be6 Kg7 46.Ra7 Kf8 47.Ra8+ Kg7 48.Bf2 Re4 49.Kf3 Rf4+ 50.Ke2 Nxg4
51.Bg1 h5 52.Kd3 Ne5+ 53.Kc2 Nc6 54.Kd3 Ne5+ 55.Kc2 Nf3 56.Be3 Nd4+ 57.Bxd4+ Rxd4
58.Rg8+ Kf6 59.Rg6+ Ke5 60.Bc8 Bf6 61.Rg8 Rd6 62.Be6 h4 63.Rb8 Rd4 64.Bc4 h3
65.Re8+ Kf4 66.Re2 g4 67.Ba6 Rd7 68.Bb5 Rc7+ 69.Kd3 Rc3+ 70.Kd2 g3  0-1

[Event "11th Aosta Open"]
[Site "Saint Vincent ITA"]
[Date "2003.02.11"]
[Round "4"]
[White "Kveinys,A"]
[Black "Brady,S"]
[Result "1-0"]
[WhiteElo "2541"]
[BlackElo "2336"]

1.Nf3 Nf6 2.c4 b6 3.g3 c5 4.Bg2 Bb7 5.O-O e6 6.Nc3 Be7 7.Re1 O-O 8.e4 d6
9.d4 cxd4 10.Nxd4 Qc7 11.Qe2 Nc6 12.Ndb5 Qb8 13.Be3 Ne5 14.Rac1 Rc8 15.Na3 Bf8
16.h3 Ned7 17.Nab1 a6 18.Nd2 Bc6 19.Nb3 Ra7 20.Nd4 Ba8 21.b3 Rac7 22.Bd2 g6
23.Nc2 Ne8 24.Nb4 Bb7 25.Nd3 Bg7 26.a4 Nc5 27.Rb1 Nxd3 28.Qxd3 Bc6 29.Na2 Ba8
30.Bb4 b5 31.cxb5 axb5 32.a5 Qb7 33.Rbc1 f5 34.Rxc7 Rxc7 35.Nc3 Bxc3 36.Bxc3 e5
37.Bb4 Qc6 38.g4 Kf8 39.Rd1 Rd7 40.Qg3 f4 41.Qd3 Ke7 42.Bf1 Nc7 43.f3 Ne6
44.Qxb5 Qxb5 45.Bxb5 Rd8 46.Kf2 Nd4 47.Bc4 Nc2 48.Bd2 d5 49.exd5 Bxd5 50.Bxf4  1-0

[Event "1st NAO GM"]
[Site "Paris FRA"]
[Date "2003.02.18"]
[Round "6"]
[White "Shirazi,K"]
[Black "Gozzoli,Y"]
[Result "0-1"]
[WhiteElo "2438"]
[BlackElo "2419"]

1.c4 e6 2.Nf3 b6 3.g3 Bb7 4.Bg2 c5 5.O-O Nf6 6.d3 Be7 7.e4 d6 8.Nc3 O-O 9.Nh4 Nfd7
10.f4 Nc6 11.Nf3 a6 12.Be3 Re8 13.Qd2 Rb8 14.a3 b5 15.cxb5 axb5 16.Nxb5 Ba6
17.Nc3 Bf6 18.Rf2 Nd4 19.Bxd4 cxd4 20.Na2 Nc5 21.Nb4 Nb3 22.Qd1 Rxb4 23.axb4 Nxa1
24.Qxa1 Bxd3 25.e5 dxe5 26.Nxe5 Bxe5 27.fxe5 Qb8 28.Qd1 Qb5 29.Rd2 Bg6 30.Rxd4 h6
31.Qe1 Rc8 32.Qe3 Qb6 33.Bf1 Rc1 34.b3 Rb1 35.Qf2 Qb5 36.Kg2 Qxe5 37.Bd3 Bxd3
38.Rxd3 g5 39.Kh3 g4+  0-1

[Event "Open"]
[Site "Cappelle la Grande FRA"]
[Date "2003.02.25"]
[Round "5"]
[White "Kengis,E"]
[Black "Jedynak,R"]
[Result "1-0"]
[WhiteElo "2570"]
[BlackElo "2432"]

1.Nf3 Nf6 2.c4 e6 3.g3 b6 4.Bg2 Bb7 5.O-O c5 6.Nc3 Be7 7.b3 O-O 8.Bb2 d5
9.e3 Nc6 10.cxd5 exd5 11.d4 Ba6 12.Re1 c4 13.Ne5 Na5 14.e4 cxb3 15.exd5 bxa2
16.Nc6 Nxc6 17.dxc6 Qc7 18.Qa4 Bd3 19.Re3 b5 20.Nxb5 Bxb5 21.Qxb5 Bd6 22.Rxa2 Rfb8
23.Qf5 a5 24.d5 a4 25.Bxf6 gxf6 26.Be4 Be5 27.Kg2  1-0

[Event "ch-CZE b18+20"]
[Site "Lahucovice CZE"]
[Date "2003.02.25"]
[Round "7"]
[White "Cervinka,M"]
[Black "Lahner,J"]
[Result "1/2-1/2"]
[WhiteElo "2215"]
[BlackElo "2241"]

1.Nf3 c5 2.c4 Nf6 3.g3 b6 4.Bg2 Bb7 5.O-O e6 6.b3 Be7 7.Bb2 O-O 8.d4 cxd4
9.Nxd4 Bxg2 10.Kxg2 d5 11.Nd2 Qd7 12.Rc1 Na6 13.N2f3 Rac8 14.cxd5 Nxd5 15.e4 Nf6
16.Ne5 Qb7 17.f3 Bc5 18.Qe2 Nb8 19.Rfd1 Rfd8 20.Nc4 a6 21.a3 b5 22.Na5 Qa8
23.b4 Bb6 24.Nab3 Ne8 25.Nc5 Bxc5 26.bxc5 h6 27.Nb3 Nc6 28.Bc3 Qa7 29.Be1 Qc7
30.g4 Nf6 31.Bg3 e5 32.Be1 Rxd1 33.Rxd1 Nd4 34.Nxd4 exd4 35.Rc1 Qe5 36.Bg3 Qg5
37.Qb2 d3 38.h4 Qe3 39.Bf2 Qf4 40.Bg3 Qe3 41.Bf2 Qf4 42.Bg3 Qe3 43.Bf2 Qf4  1/2-1/2

[Event "ch-Serbia"]
[Site "Dimitrovgrad YUG"]
[Date "2003.02.28"]
[Round "1"]
[White "Petrov,G"]
[Black "Benkovic,P"]
[Result "0-1"]
[WhiteElo "2238"]
[BlackElo "2469"]

1.c4 c5 2.Nf3 Nf6 3.g3 b6 4.Bg2 Bb7 5.O-O e6 6.Nc3 a6 7.d4 cxd4 8.Qxd4 d6
9.Rd1 Be7 10.Bg5 Nbd7 11.Qd2 O-O 12.Bf4 Ne8 13.e4 Qc7 14.Rac1 Rd8 15.Nd4 Ne5
16.b3 Nf6 17.h3 Rfe8 18.Be3 Bf8 19.Nde2 Ned7 20.g4 g6 21.Ng3 Nb8 22.Bd4 Nfd7
23.Nce2 Nc6 24.Bb2 Qb8 25.Qc3 e5 26.b4 Rc8 27.Qb3 Bg7 28.Rc2 Nf8 29.Nf1 Ne6
30.Ne3 Ncd4 31.Bxd4 Nxd4 32.Nxd4 exd4 33.Nd5 Bxd5 34.exd5 Rc7 35.Bf3 Qc8
36.Rdd2 Qd7 37.Qa3 Qc8 38.Qd3 Be5 39.Re2 h5 40.Kg2 hxg4 41.hxg4 Kg7 42.Re4 f6
43.Rxd4 Bxd4 44.Qxd4 Qb8 45.Rc1 Re5 46.Rh1 Rc8 47.a3 Rce8 48.Qf4 Rh8 49.Rc1 Qc7
50.Qd4 Rc8 51.Kg3 a5 52.Qf4 Rh8 53.Qd4 f5 54.Qf4 fxg4 55.Bxg4 Qe7 56.Be6 Rf8
57.Qd2 Rh5 58.Qd4+ Kh7 59.Kg2 Qg5+  0-1

[Event "ch-CZE b18+20"]
[Site "Lahucovice CZE"]
[Date "2003.03.01"]
[Round "11"]
[White "Vaculik,M"]
[Black "Lahner,J"]
[Result "1/2-1/2"]
[WhiteElo "2248"]
[BlackElo "2241"]

1.Nf3 c5 2.c4 Nf6 3.g3 b6 4.Bg2 Bb7 5.O-O e6 6.Nc3 Be7 7.d4 cxd4 8.Qxd4 d6
9.e4 O-O 10.Rd1 a6 11.b3 Nbd7 12.Bb2 Qc7 13.h3 Rfd8 14.Qe3 Rac8 15.Rac1 Bf8
16.Qe2 Qb8 17.Kh2 Qa8 18.Nd2 Ne8 19.f4 Bc6 20.Nf3 b5 21.Nd4 bxc4 22.Qxc4 Bb5
23.Qb4 Bd3 24.Rxd3 d5 25.Qa5 Nc5 26.Rdd1 Nb7 27.Qa4 Nc5 28.Qa5 Nb7 29.Qa4 Nc5
30.Qa3 Nd3 31.b4 Nxc1 32.Rxc1 Rc4 33.Nce2 Bxb4 34.Qd3 Rxc1 35.Bxc1 Nf6 36.exd5  1/2-1/2

[Event "X Anibal Open"]
[Site "Linares ESP"]
[Date "2003.03.02"]
[Round "3"]
[White "Sorokin,M"]
[Black "Perez Candelario,M"]
[Result "1/2-1/2"]
[WhiteElo "2560"]
[BlackElo "2404"]

1.Nf3 e6 2.g3 b6 3.Bg2 Bb7 4.O-O Nf6 5.c4 c5 6.b3 Be7 7.Bb2 Qc7 8.Nc3 a6
9.e3 O-O 10.Rc1 d6 11.d4 Nbd7 12.Qe2 Rfe8 13.Rfd1 Rac8 14.h3 Qb8 15.d5 exd5
16.cxd5 b5 17.Nh2 c4 18.Nb1 cxb3 19.axb3 Rxc1 20.Bxc1 Nc5 21.b4 Na4 22.e4 Bf8
23.Qd3 Rc8 24.Nf1 Nd7 25.Ne3 Rc7 26.Qb3 Qc8 27.Bd2 Ne5 28.Kh2 g6 29.f4 Nd7
30.h4 Bg7 31.e5 Qf8 32.e6 Ndb6 33.Re1 f5 34.Rc1 Rxc1 35.Bxc1 Qc8 36.Bd2 Kf8
37.Nxf5 gxf5 38.Qd3 Qd8 39.Qxf5+ Qf6 40.Qc2 Nc4 41.Qxh7 Ncb6 42.Qh5 Nc8 43.f5 Kg8
44.Qe8+ Qf8 45.Qd7 Ba8 46.e7 Nxe7 47.Qxd6 Bb7 48.Qe6+ Qf7 49.d6 Bxg2 50.d7 Nc6
51.Qe8+ Bf8 52.Kxg2 Qxf5 53.Bh6 Nb6 54.d8=Q Nxd8 55.Qxd8 Qe4+ 56.Kf2 Qf5+
57.Bf4 Nd5 58.Qg5+  1/2-1/2